<?xml version="1.0" encoding="UTF-8"?>
<record
    xmlns:xsi="http://www.w3.org/2001/XMLSchema-instance"
    xsi:schemaLocation="http://www.loc.gov/MARC21/slim http://www.loc.gov/standards/marcxml/schema/MARC21slim.xsd"
    xmlns="http://www.loc.gov/MARC21/slim">

  <leader>01583nam a2200241Ia 4500</leader>
  <controlfield tag="001">b6346-44772 </controlfield>
  <controlfield tag="003">IT-MiCISF</controlfield>
  <controlfield tag="005">20230306115949.0</controlfield>
  <controlfield tag="008">161014s9999||||xx |||||||||||||| ||und||</controlfield>
  <datafield tag="040" ind1=" " ind2=" ">
    <subfield code="a">IT-MiCISF</subfield>
    <subfield code="c">IT-MiCISF</subfield>
  </datafield>
  <datafield tag="041" ind1=" " ind2=" ">
    <subfield code="a">it</subfield>
  </datafield>
  <datafield tag="100" ind1=" " ind2=" ">
    <subfield code="a">Larghero Enrico, Zeppegno Giuseppe (a cura di)</subfield>
    <subfield code="9">59578</subfield>
  </datafield>
  <datafield tag="245" ind1=" " ind2="0">
    <subfield code="a">Dalla parte della vita.</subfield>
    <subfield code="b">Itinerari di bioetica - I.</subfield>
  </datafield>
  <datafield tag="260" ind1=" " ind2=" ">
    <subfield code="a"> Cantalupa (TO),</subfield>
    <subfield code="b">Effat&#xE0;,</subfield>
    <subfield code="c">2007</subfield>
  </datafield>
  <datafield tag="300" ind1=" " ind2=" ">
    <subfield code="a">pp. 592</subfield>
  </datafield>
  <datafield tag="500" ind1=" " ind2=" ">
    <subfield code="a">  / bioetica, diritto, societ&#xE0;, corpo, persona, embrione, diagnosi-prenatale, procreazione-artificiale, contraccezione, aborto, eutanasia, trapianti, malato-terminale / </subfield>
  </datafield>
  <datafield tag="520" ind1=" " ind2=" ">
    <subfield code="a">Il testo presenta gli argomenti affrontati dal primo corso di master in bioetica avviato dalla sezione torinese della Facolt&#xE0; Teologica dell'Italia Settentrionale. Il metodo seguito &#xE8; quello della interdisciplinariet&#xE0;, che ha fatto incontrare, di fronte a fatti e problemi umani di grande rilievo, l'apporto della scienza sperimentale, la dimensione antropologica, la riflessione etica e giuridica. Il volume si sofferma su tematiche cruciali come la procreazione artificale, l'aborto, la cura del morente, l'eutanasia, schierandosi apertamente dalla parte della vita.</subfield>
  </datafield>
  <datafield tag="650" ind1=" " ind2=" ">
    <subfield code="a">bioetica</subfield>
    <subfield code="e">011</subfield>
    <subfield code="9">56169</subfield>
  </datafield>
  <datafield tag="654" ind1=" " ind2=" ">
    <subfield code="a">saggio</subfield>
  </datafield>
  <datafield tag="700" ind1=" " ind2=" ">
    <subfield code="a">P., Guenzi P.D., Larghero E., Lombardi Ricci M., Merlo P., Palestro G., Peris C., Rossino M., </subfield>
    <subfield code="d">Campagnoni C., Campanella M., Canuto R.A., Corbella C., De Luca A., De Luca A., De Marchi M., Donadio P.P., Giordano B., Girolami P.</subfield>
    <subfield code="9">59579</subfield>
  </datafield>
  <datafield tag="942" ind1=" " ind2=" ">
    <subfield code="c">BK</subfield>
    <subfield code="2">ddc</subfield>
  </datafield>
  <datafield tag="999" ind1=" " ind2=" ">
    <subfield code="c">210706</subfield>
    <subfield code="d">210706</subfield>
  </datafield>
  <datafield tag="999" ind1=" " ind2=" ">
    <subfield code="b">si</subfield>
  </datafield>
  <datafield tag="952" ind1=" " ind2=" ">
    <subfield code="0">0</subfield>
    <subfield code="1">0</subfield>
    <subfield code="4">0</subfield>
    <subfield code="6">B_634644772</subfield>
    <subfield code="7">1</subfield>
    <subfield code="a">CISF</subfield>
    <subfield code="b">CISF</subfield>
    <subfield code="d">2016-10-14</subfield>
    <subfield code="l">0</subfield>
    <subfield code="o">b6346-44772 </subfield>
    <subfield code="r">2016-10-14 00:00:00</subfield>
    <subfield code="w">2016-10-14</subfield>
    <subfield code="y">BK</subfield>
    <subfield code="z">Data import 15.10.2016 / by Epidotti, Vaglietti</subfield>
  </datafield>
</record>
